The wisdom of Atharva veda : (Record no. 5210)

MARC details
000 -LEADER
fixed length control field 00586 a2200169 4500
010 ## - LCCN (DPL NO)
LC control number ENG-86781
020 ## - INTERNATIONAL STANDARD BOOK NUMBER
Terms of availability 45.00
International Standard Book Number 8179940489
035 ## - SYSTEM CONTROL NUMBER
System control number EN-70314
037 ## - SOURCE OF ACQUISITION
Source of stock number/acquisition DBAD / PUB
082 14 - DEWEY DECIMAL CLASSIFICATION NUMBER
Classification number 220.21
100 ## - MAIN ENTRY--PERSONAL NAME
Personal name Kashyap, R.L.
245 1# - TITLE STATEMENT
Title The wisdom of Atharva veda :
Statement of responsibility, etc by R.L. Kashyap
Remainder of title text, transliteration, translation and commentary /
260 ## - PUBLICATION, DISTRIBUTION, ETC. (IMPRINT)
Place of publication, distribution, etc Bangalore
Name of publisher, distributor, etc Sri Aurobindo Kapali Sastry Inst. of Vedic Culture
Date of publication, distribution, etc 2006
270 ## - ADDRESS
Address 63, 13th Main, 4th Block East, Jayanagar
City Bangalore
300 ## - PHYSICAL DESCRIPTION
Extent vii, 80p
Dimensions 22cm (pbk)
942 ## - ADDED ENTRY ELEMENTS (KOHA)
Institution code [OBSOLETE] dpl
Item type English Books
Source of classification or shelving scheme Dewey Decimal Classification
Classification part 220.21
Call number suffix KAS
Holdings
Withdrawn status Lost status Not for loan Collection code Home library Current library Source of acquisition Cost, normal purchase price Full call number Barcode Copy number Cost, replacement price Koha item type
    Not For Loan Non-fiction D.B.Act.Division D.B.Act.Division DBAD/PUB 45.00 220.21 KAS EN-70314 1 45.00 English Books

© Delhi Public Library
Hit Counter
free hit counter